Statistics for Ultra Game Quiz

Click here to take the quiz!

General Stats

  • This quiz has been taken 5 times
  • The average score is 17 of 44

Answer Stats

HintAnswer% Correct
What combat sport is Pathfinder quite good at?Boxing
80%
What is the name of the character that has a drug addiction?Octane
80%
Game in which characters are split into three categories and work together to push payloads or capture points.Overwatch
80%
What game can you play as support, tank, or dps?Overwatch
80%
What is the name of the game that has 3 people on a team and they have to be the last squad alive.Apex Legends
60%
Game in which its a 60 player battle royale with abilities.Apex Legends
60%
Which character has a bird friend?Bastion
60%
Which character is Brazilian?
Lucio
60%
What does Cassidy say during his ultimate?It's High Noon
60%
Who is Bangalore's brother?Newcastle
60%
What is the name of the green robot tank?Orisa
60%
Which character has a hook and can self-heal.?Roadhog
60%
Which character has the most health?Roadhog
60%
Which character can sprint?Soldier 76
60%
What is the name of the game mode that has two teams against each other and players can buy weapons?Arenas
40%
Which game can you equip three weapons, primary, special, and heavy?Destiny
40%
What is the name of the game mode where teams fight for a payload?Escort
40%
What is the name of the boxing arena POI on this map?^Fight Night
40%
Whose arm did it blow up?Fuse
40%
What is the name of the new tank in this game (as of time of release)?Junker Queen
40%
Which map is the original?King's Canyon
40%
What is the name of the character whose parents are war profiteers?Lifeline
40%
What is the name of the person who pulled the pin of the golden grenade?Mad Maggie
40%
What is the name of the character that has a mother with dementia?Mirage
40%
Which map has phase portals?Olympus
40%
What is the name of the game mode where teams fight for a robot?Push
40%
What is the name of the new dps in this game (as of time of release)?Sojourn
40%
Which map has flyers, prowlers, and spiders?Storm Point
40%
Which map has two large cities?World's Edge
40%
What is the name of the map released with powered zip-rails?Broken Moon
20%
What is the name of Mercy's staff and gun?Caduceus
20%
What is the name of the large city, cut in half by a chasm of lava?Capital City
20%
What is the name of the game mode where teams fight for a point?Control
20%
Game in which a ghost revives after being dead, and gives you the power of light, with which you push back the darkness.Destiny
20%
What is the name of the new support in this game (as of time of release)?Kiriko
20%
What is the name of the city with the tallest building on the same map? (Hint: there is also a mountain nearby with intricate carvings)Skyhook
20%
Who is Loba dating?Valkyrie
20%
What is the name of the ability that lets you self-resurrect as a warlock?Fireborne
0%
What is the name of the fire-based subclass for the hunter?Gunslinger
0%
What is the name of the exotic revolver that can have up to 3 bullets that do extra damage?Hawkmoon
0%
What is the name of the exotic chestpiece that allows a warlock to have 2 fusion grenades?Starfire Protocol
0%
What is the name of the fire-based subclass for the titan?Sunbreaker
0%
What is the name of the fire-based subclass for the warlock?Sunsinger
0%
What is the name of the exotic chestpiece that allows a titan to boost midair?Twilight Garrison
0%

Score Distribution

Percentile by Number Answered

Percent of People with Each Score

Your Score History

You have not taken this quiz